Clyfford Still picking mangos in the patio : (Record no. 847)

MARC details
000 -LEADER
campo de control de longitud fija 01744cam a2200361 a 4500
001 - NÚMERO DE CONTROL
campo de control 13536259
005 - FECHA Y HORA DE LA ÚLTIMA TRANSACCIÓN
campo de control 20220326193342.0
008 - DATOS DE LONGITUD FIJA--INFORMACIÓN GENERAL
campo de control de longitud fija 040325s2000 nmua bc 000 0deng d
010 ## - NÚMERO DE CONTROL DE LA BIBLIOTECA DEL CONGRESO
Número de control de LC 2004298066
020 ## - NÚMERO INTERNACIONAL ESTÁNDAR DEL LIBRO
Número Internacional Estándar del Libro 0890133786
035 ## - NÚMERO DE CONTROL DEL SISTEMA
Número de control de sistema (OCoLC)ocm46805339
040 ## - FUENTE DE CATALOGACIÓN
Centro catalogador/agencia de origen COO
Centro/agencia transcriptor COO
Centro/agencia modificador PMC
-- CUS
-- DLC
041 0# - CÓDIGO DE IDIOMA
Código de lengua del texto/banda sonora o título independiente engspa
042 ## - CÓDIGO DE AUTENTICACIÓN
Código de autenticación lccopycat
082 00 - NÚMERO DE LA CLASIFICACIÓN DECIMAL DEWEY
Número de clasificación 759.972.91
Número de ítem G216c
100 1# - ENTRADA PRINCIPAL--NOMBRE DE PERSONA
Nombre de persona Garciandía, Flavio,
Fechas asociadas al nombre 1954-
9 (RLIN) 4629
245 10 - MENCIÓN DEL TÍTULO
Título Clyfford Still picking mangos in the patio :
Resto del título Flavio Garciandía was there /
Mención de responsabilidad, etc. essay by Juan Antonio Molina.
246 14 - FORMA VARIANTE DEL TITULO
Título propio/Titulo breve Flavio Garciandía, recent works
260 ## - PUBLICACIÓN, DISTRIBUCIÓN, ETC.
Lugar de publicación, distribución, etc. Santa Fe [N.M.] :
Nombre del editor, distribuidor, etc. Museum of Fine Arts in collaboration with Galería Ramis Barquet, Monterrey, Mexico and New York :
-- Museum of New Mexico Press,
Fecha de publicación, distribución, etc. c2000.
300 ## - DESCRIPCIÓN FÍSICA
Extensión 1 v. (unpaged) :
Otras características físicas ill. (col.) ;
Dimensiones 22 cm
500 ## - NOTA GENERAL
Nota general "Published to coincide with the exhibition 'Clyfford Still picking mangos in the patio (Flavio Garciandía was there),' organized by Museum of Fine Arts, Santa Fe, in association with Galería Ramis Barquet, Monterrey, Mexico"--Colophon.
504 ## - NOTA DE BIBLIOGRAFÍA, ETC.
Nota de bibliografía, etc. Includes bibliographical references.
546 ## - NOTA DE IDIOMA
Nota de lengua/lenguaje Text in English and Spanish.
600 10 - PUNTO DE ACCESO ADICIONAL DE MATERIA--NOMBRE DE PERSONA
Nombre de persona Garciandía, Flavio,
Fechas asociadas al nombre 1954-
Subdivisión de forma Exhibiciones
9 (RLIN) 4635
650 ## - PUNTO DE ACCESO ADICIONAL DE MATERIA--TÉRMINO DE MATERIA
Término de materia o nombre geográfico como elemento de entrada Arte
Subdivisión geográfica Cuba
9 (RLIN) 4631
650 ## - PUNTO DE ACCESO ADICIONAL DE MATERIA--TÉRMINO DE MATERIA
Término de materia o nombre geográfico como elemento de entrada Exhibiciones-Museo Nuevo México
9 (RLIN) 4636
650 ## - PUNTO DE ACCESO ADICIONAL DE MATERIA--TÉRMINO DE MATERIA
Término de materia o nombre geográfico como elemento de entrada Pintura Cubana
9 (RLIN) 4633
700 1# - ENTRADA AGREGADA--NOMBRE PERSONAL
Nombre de persona Molina, Juan Antonio,
Fechas asociadas al nombre 1965-
9 (RLIN) 4637
710 2# - ENTRADA AGREGADA--NOMBRE DE ENTIDAD CORPORATIVA
Nombre de entidad corporativa o nombre de jurisdicción como elemento de entrada Museum of Fine Arts (Museum of New Mexico)
9 (RLIN) 4638
710 2# - ENTRADA AGREGADA--NOMBRE DE ENTIDAD CORPORATIVA
Nombre de entidad corporativa o nombre de jurisdicción como elemento de entrada Galería Ramis Barquet (Garza García, Mexico)
9 (RLIN) 4634
906 ## - ELEMENTOS DE DATOS F LOCAL, LDF (RLIN)
a 7
b cbc
c copycat
d 2
e ncip
f 20
g y-gencatlg
Holdings
Estatus retirado Estado de pérdida Fuente del sistema de clasificación o colocación Estado de daño No para préstamo Biblioteca de origen Biblioteca actual Ubicación en estantería Fecha de adquisición Total de préstamos Signatura topográfica completa Código de barras Visto por última vez Precio de reemplazo Tipo de ítem Koha
    Clasificación Decimal Dewey     Biblioteca LadoV Biblioteca LadoV   01/02/2016   759.972.91 G216c 000783 01/02/2016 01/02/2016 Material 01